000 02032nam a22001937a 4500
999 _c60061
_d60061
003 Ge_BSU
005 20230602125256.0
008 230602s1985 ge ||||| |||| 00| 0 geo d
041 _ageo
080 _a903.5(479.22) მ-74
100 _aმიქელაძე, თეიმურაზ
_918431
245 _aკოლხეთის ადრერკინის ხანის სამაროვნები :
_bურეკისა და ნიგვზიანის სამაროვნები /
_cთეიმურაზ მიქელაძე; რედ. ო. ლორთქიფანიძე; საქ. სსრ მეცნ. აკადემია. საქართველოს არქეოლოგიური კომისია. ივ. ჯავახიშვილის სახ. ისტორიის, არქეოლოგიისა და ეთნოგრაფიის ინ-ტის არქეოლოგიური კვლევის ცენტრი. კოლხეთის არქეოლოგიური ექსპედიციის შრომები [II].
264 _aთბილისი :
_bმეცნიერება,
_c1985.
300 _a132 გვ. :
_b25 ფ. ილ. ;
_c26 სმ.
504 _aბიბლიოგრ.: გვ. 123-127
700 _aლორთქიფანიძე, ო.
_eრედაქტორი
_917578
710 _aსაქ. სსრ მეცნ. აკადემია.
_bსაქართველოს არქეოლოგიური კომისია. ივ. ჯავახიშვილის სახ. ისტორიის, არქეოლოგიისა და ეთნოგრაფიის ინ-ტის არქეოლოგიური კვლევის ცენტრი. კოლხეთის არქეოლოგიური ექსპედიციის შრომები [II].
_918432
942 _2udc
_cBK